|
|
|
|
| LEADER |
00000nab a2200000 a 4500 |
| 001 |
vtls009345089 |
| 003 |
SK-MaSNL |
| 005 |
20260304153809.0 |
| 008 |
250506c2008 xo |||||||||||000 b|slo |
| 015 |
|
|
|a SNBRB2008/10
|2 snkbucl
|
| 035 |
|
|
|a (uuid)86353de7-6f52-4650-a2c4-05f3ca303ce5
|
| 035 |
|
|
|a urn:nbn:sk:snk-ab13eb
|
| 035 |
|
|
|a (urnnbn)urn:nbn:sk:snk:ar-a05an4
|
| 038 |
|
|
|a SNKBUCL
|
| 040 |
|
|
|a SNKBUCL
|b slo
|c SNKBUCL
|e AACR2
|
| 041 |
0 |
|
|a slo
|
| 044 |
|
|
|a xo
|c SK
|
| 080 |
|
|
|a 004.353.254.3:366.624.4
|2 2001
|
| 080 |
|
|
|a 004.915-027.561
|2 2001
|
| 080 |
|
|
|a 004.92
|2 2001
|
| 080 |
|
|
|a 366.624.4
|2 2001
|
| 100 |
1 |
|
|a Kmeťo, Peter
|4 aut
|9 789791
|
| 245 |
1 |
0 |
|a Vyberáme monitor pre profesionálov
|b exkluzívny test
|c Peter Kmeťo
|
| 300 |
|
|
|b Obr., tab.
|
| 650 |
0 |
7 |
|a desktop publishing
|2 SNKPH
|9 88638
|
| 650 |
0 |
7 |
|a profesionálna počítačová grafika
|2 snkbucl
|9 1477691
|
| 650 |
0 |
7 |
|a LCD displeje
|2 snkbucl
|9 83996
|
| 650 |
0 |
7 |
|a porovnávacie testy
|2 snkbucl
|9 870299
|
| 773 |
0 |
|
|t PC revue
|g Roč. XVI, č. 5 (2008), s. 96-99
|x 1335-0226
|
| 850 |
|
|
|a Slovenská národná knižnica
|
| 852 |
|
|
|a Slovenská národná knižnica
|
| 954 |
|
|
|a odborná, vedecká literatúra pôvodná (slovenská)
|2 lita
|
| 958 |
|
|
|a article27
|
| 958 |
|
|
|a OND
|
| 958 |
|
|
|a EUIPO
|
| 999 |
|
|
|c 2954978
|d 2956908
|